000 00535nam a2200181 4500
001 108584
003 ES-MaACL
005 20251105063133.0
007 t|
008 061121s1913 ag r ||||1| spa d
100 1 _aMonner Sans, R.,
_d1853-1927
_9147215
245 1 0 _aTeatro infantil
_b: monólogos, diálogos y comedias /
_cRicardo Monner Sans.
250 _a2ª. ed.
260 _aBuenos Aires :
_bGabault y Cia,
_c1913.
300 _a169 p. :
_bil. ;
_c19 cm.
852 _aES-MaACL
_jD-650
999 _c108584
_d108584